'Z' in History Quiz Stats

 Plays Quiz Updated Jul 28, 2014

Support Sporcle.
Go Orange.
Score 0/20 Timer 05:00
2 Plays Today
Question Answer % Correct
Who was the king of the gods in Greek mythology?Zeus
93.2%
Of which type of airship was the LZ 129 Hindenburg an example?Zeppelin
78.9%
Which country changed its name to the Democratic Republic of the Congo on 17th May 1997?Zaire
78.2%
What was the first name of the 12th President of the United States?Zachary
77.8%
Of which country was Kenneth Kaunda the first president upon independence in 1964?Zambia
76.4%
Which school of Buddhism originated in 6th century China as Chán?Zen
72.6%
Into which African Kingdom is Shaka credited with uniting many northern Nguni people?Zulu
69.6%
Which island nation united with Tanganyika to form Tanzania in 1964?Zanzibar
65.4%
Which Balkan city is first mentioned in 1094 at the founding of the diocese of Kaptol?Zagreb
52.3%
Which religion, based on the teachings of Zarathustra, first appeared around 600BC in Iran?Zoroastrianism
47%
Question Answer % Correct
After which Dutch province was a Pacific nation named in 1645?Zeeland
46.5%
Which massive Mesopotamian structures had a name meaning 'to build on a raised area?'Ziggurat
41.8%
Which Spanish city was made capital of the Kingdom of Aragon upon its capture in 1118?Zaragoza
34.6%
During which Chinese dynasty, the longest in history, was the use of iron introduced to China?Zhou
20.8%
Who, in 1519, led the Protestant Reformation in German-speaking Switzerland?Huldrych Zwingli
16.1%
Which Mesoamerican civilization founded and inhabited Monte Albán for over 1000 years?Zapotec
10.9%
Who was the last king of Judah before its destruction by Babylon?Zedekiah
6.6%
What name was given to an aristocratic landowner in pre-colonial India?Zamindar
4.2%
Which Ethiopian Empress opposed the reforms of her successor, Haile Selassie?Zewditu
3.5%
Which 1084 reference work covers 16 dynasties and 1363 years of Chinese history?Zizhi Tongjian
2.7%

From the Vault

Movie Pattern Misfit

by strokes_static

Movies 5m
Nobody likes a conformist anyway.
Remove Ads.
Support Sporcle.
Get the best of Sporcle when you Go Orange. This ad-free experience offers more features, more stats, and more fun while also helping to support Sporcle. Thank you for becoming a member.

Show Comments

Extras

Top Quizzes Today


Score Distribution

Your Account Isn't Verified!

In order to create a playlist on Sporcle, you need to verify the email address you used during registration. Go to your Sporcle Settings to finish the process.

Report this User

Report this user for behavior that violates our Community Guidelines.

Details: